Bag of Bones Lyrics (Mitski) - Statistics

General Stats
  • This quiz has been taken 5 times
  • The average score is 213 of 241
Answer Stats
Lyrics % Correct
A
100%
Again
100%
All
100%
And
100%
Are
100%
At
100%
Bag
100%
Bed
100%
Bones
100%
Boy
100%
But
100%
Came
100%
Can
100%
Carrying
100%
'Cause
100%
Clacking
100%
Clean
100%
Clickity
100%
Colors
100%
Do
100%
Down
100%
First
100%
Flourescent
100%
For
100%
Hands
100%
Hear
100%
Heels
100%
Here
100%
High
100%
I
100%
I'll
100%
Illuminate
100%
I'm
100%
In
100%
It
100%
I've
100%
Just
100%
Know
100%
Knowing
100%
Let
100%
Lights
100%
Looked
100%
Me
100%
Mercy
100%
Move
100%
My
100%
Myself
100%
Nail
100%
Night
100%
Not
100%
Of
100%
Off
100%
On
100%
Open
100%
Over
100%
Please
100%
Pores
100%
Pretty
100%
See
100%
Shine
100%
Store
100%
Stuff
100%
Tell
100%
The
100%
Them
100%
They
100%
Through
100%
To
100%
Tomorrow
100%
Up
100%
Used
100%
Walking
100%
Wearing
100%
What
100%
Why
100%
Window
100%
Would
100%
You
100%
After
67%
Air
67%
Alone
67%
Apart
67%
Before
67%
Comes
67%
Cool
67%
Done
67%
Everything's
67%
Feel
67%
Fluorescent
67%
Go
67%
Hope
67%
Is
67%
Leave
67%
Mess
67%
More
67%
Right
67%
Room
67%
Searching
67%
Slip
67%
So
67%
Spare
67%
Sun
67%
Tear
67%
This
67%
Tired
67%
Tonight
67%
Undone
67%
Watch
67%
Along
33%
As
33%
Back
33%
Beast
33%
Bit
33%
Glides
33%
Let's
33%
Little
33%
Out
33%
Poet
33%
Shake
33%
Softly
33%
Take
33%
Your
33%
No matching quizzes found
Score Distribution
Percent of People with Each Score
Percentile by Number Answered
Your Score History
You have not taken this quiz